| 000 | 00505nam a2200133Ia 4500 | ||
|---|---|---|---|
| 008 | 191108s9999 xx 000 0 und d | ||
| 020 | _a978-0-7749-44536-2 | ||
| 100 | _aFrigenti,Enzo | ||
| 245 |
_cEnzo Frigenti & Dennis Comninos.-- _aThe practice of project management : _ba guide to the business-focused approach |
||
| 260 |
_aLondon : _bKogan Page _c2006 |
||
| 300 |
_axi, 356 pages : _billustrations ; _c24 cm. |
||
| 500 | _aIncludes glossary, bibliography and index. | ||
| 650 | _aProject management. | ||
| 999 |
_c362557 _d362557 |
||